Water and Wastewater Treatment (Record no. 27592)
[ view plain ]
| 000 -LEADER | |
|---|---|
| fixed length control field | 00912nam a2200133Ia 4500 |
| 008 - FIXED-LENGTH DATA ELEMENTS--GENERAL INFORMATION | |
| fixed length control field | 220620s9999||||xx |||||||||||||| ||und|| |
| 020 ## - INTERNATIONAL STANDARD BOOK NUMBER | |
| International Standard Book Number | 9783040000000 |
| 245 #0 - TITLE STATEMENT | |
| Title | Water and Wastewater Treatment |
| 546 ## - LANGUAGE NOTE | |
| Language note | English[eng] |
| 650 ## - SUBJECT ADDED ENTRY--TOPICAL TERM | |
| Topical term or geographic name entry element | hydrogen peroxide||high-rate biofiltration||nitrification||denitrification||AOPs||assessment of ecotoxicity||fluoroquinolones||high resolution mass spectrometry||IC50||MIC||QSAR||waste ochre||biogas||enhanced phosphorus removal||hydrogen sulfide||phosphates precipitation||wastewater treatment plant||environment||impact||life-cycle assessment||environmental impact assessment||green building||environmental management system||environmental aspects||wastewater technology||management tool||biodegradation||odors||H2S||NH3||n/a |
| 700 ## - ADDED ENTRY--PERSONAL NAME | |
| Personal name | Barbusiński, Krzysztof||Thomas, Maciej||Filipek, Krzysztof |
| 856 ## - ELECTRONIC LOCATION AND ACCESS | |
| Uniform Resource Identifier | <a href="https://mdpi.com/books/pdfview/book/5138">https://mdpi.com/books/pdfview/book/5138</a> |
| 942 ## - ADDED ENTRY ELEMENTS (KOHA) | |
| Koha item type | E-Books |
| Withdrawn status | Lost status | Damaged status | Not for loan | Home library | Current library | Date acquired | Total Checkouts | Date last seen | Price effective from | Koha item type |
|---|---|---|---|---|---|---|---|---|---|---|
| Kerala University of Digital Sciences, Innovation and Technology Knowledge Centre | Kerala University of Digital Sciences, Innovation and Technology Knowledge Centre | 20/06/2022 | 20/06/2022 | 20/06/2022 | E-Books |